[Event "New York op"]
[Site "New York"]
[Date "1998.03.17"]
[Round "4"]
[White "Stripunsky, Alexander"]
[Black "Granda Zuniga, Julio E"]
[Result "1-0"]
[WhiteElo "2475"]
[BlackElo "2630"]
[PlyCount "31"]
[EventDate "1998.03.16"]
[EventType "swiss"]
[EventRounds "9"]
[EventCountry "USA"]
[Source "ChessBase"]
[SourceDate "1998.06.02"]

1. e4 c5 2. Nf3 d6 3. d4 cxd4 4. Nxd4 Nf6 5. Nc3 a6 6. Bg5 Nbd7 7. f4 Qb6 8.
Qd2 Qxb2 9. Rb1 Qa3 10. Bxf6 gxf6 11. Nd5 Rb8 12. Rb3 Qa4 13. Bxa6 e5 14. Rb4
Qxa2 15. Nb3 bxa6 16. Qc3 1-0

[Event "Las Vegas "]
[Site "Las Vegas"]
[Date "1997.??.??"]
[Round "?"]
[White "Shabalov, Alexander"]
[Black "Browne, Walter S"]
[Result "1-0"]
[WhiteElo "2585"]
[BlackElo "2530"]
[PlyCount "51"]
[EventDate "1997.??.??"]
[EventType "game"]
[EventCountry "USA"]
[Source "ChessBase"]
[SourceDate "2009.11.30"]

1. e4 c5 2. Nf3 d6 3. d4 cxd4 4. Nxd4 Nf6 5. Nc3 a6 6. Bg5 e6 7. f4 Nc6 8. e5
h6 9. Bh4 g5 10. fxg5 Nd5 11. Nxd5 exd5 12. exd6 Qxd6 13. Qe2+ Be7 14. Nxc6
bxc6 15. Bg3 Qg6 16. Qe5 Rg8 17. gxh6 Qxc2 18. Be2 Rg5 19. Qh8+ Kd7 20. Qc3
Qxc3+ 21. bxc3 Bf6 22. O-O Bxc3 23. Rxf7+ Ke6 24. Raf1 Bd7 25. Bh4 Rg6 26. Bh5
1-0

[Event "EU-ch 2nd"]
[Site "Ohrid"]
[Date "2001.06.01"]
[Round "1"]
[White "Luther, Thomas"]
[Black "Efimenko, Zahar"]
[Result "1-0"]
[WhiteElo "2568"]
[BlackElo "2439"]
[PlyCount "65"]
[EventDate "2001.06.01"]
[EventType "swiss"]
[EventRounds "13"]
[EventCountry "YUG"]
[Source "ChessBase"]
[SourceDate "2001.09.13"]

1. e4 c5 2. Nf3 d6 3. d4 cxd4 4. Nxd4 Nf6 5. Nc3 a6 6. Bg5 e6 7. f4 Be7 8. Qf3
Qc7 9. O-O-O Nbd7 10. g4 b5 11. Bxf6 Nxf6 12. g5 Nd7 13. f5 Nc5 14. f6 gxf6 15.
gxf6 Bf8 16. Rg1 h5 17. Re1 Bd7 18. Kb1 O-O-O 19. Rg5 h4 20. Rd1 Kb8 21. a3 Qb6
22. Rh5 Bh6 23. Rxh4 Bg5 24. Rg4 Bh4 25. Bg2 Ka7 26. Rg7 Rdf8 27. e5 d5 28. Qf4
Na4 29. Na2 Rh5 30. Bf3 Rhh8 31. Be2 Qa5 32. Rg4 Be1 33. Nb3 1-0

[Event "Riga Tal Memorial"]
[Site "Riga"]
[Date "1995.??.??"]
[Round "9"]
[White "Short, Nigel D"]
[Black "Kasparov, Garry"]
[Result "1/2-1/2"]
[WhiteElo "2655"]
[BlackElo "2805"]
[PlyCount "59"]
[EventDate "1995.04.??"]
[EventType "tourn"]
[EventRounds "11"]
[EventCountry "LAT"]
[EventCategory "17"]
[Source "ChessBase"]
[SourceDate "1995.08.01"]

1. e4 c5 2. Nf3 d6 3. d4 cxd4 4. Nxd4 Nf6 5. Nc3 a6 6. Bg5 e6 7. f4 Qb6 8. Qd2
Qxb2 9. Nb3 Qa3 10. Bxf6 gxf6 11. Be2 h5 12. O-O Nd7 13. Kh1 h4 14. h3 Be7 15.
Rad1 b6 16. Qe3 Bb7 17. f5 Rc8 18. fxe6 fxe6 19. Bg4 Qb2 20. Rd3 f5 21. Rb1
Qxb1+ 22. Nxb1 fxg4 23. hxg4 h3 24. Rc3 hxg2+ 25. Kxg2 Rg8 26. Rxc8+ Bxc8 27.
Kf1 Rxg4 28. N1d2 e5 29. Qc3 Bb7 30. Qc7 1/2-1/2

[Event "CRO-Cup"]
[Site "Pula"]
[Date "2000.??.??"]
[Round "4"]
[White "Palac, Mladen"]
[Black "Lalic, Bogdan"]
[Result "1-0"]
[WhiteElo "2570"]
[BlackElo "2548"]
[PlyCount "89"]
[EventDate "2000.??.??"]
[EventType "team"]
[EventRounds "5"]
[EventCountry "CRO"]
[Source "ChessBase"]
[SourceDate "2000.11.22"]

1. e4 c5 2. Nf3 d6 3. d4 cxd4 4. Nxd4 Nf6 5. Nc3 g6 6. Be3 Bg7 7. f3 Nc6 8. Qd2
O-O 9. O-O-O Bd7 10. g4 Rc8 11. h4 Ne5 12. h5 Qa5 13. Nb3 Qc7 14. Be2 b5 15.
Kb1 Nc4 16. Bxc4 bxc4 17. Nd4 Qb7 18. Qh2 Rb8 19. Bc1 h6 20. hxg6 fxg6 21. b3
cxb3 22. axb3 Rfc8 23. Rd3 h5 24. gxh5 Nxh5 25. Qg2 Be8 26. Rxh5 Bxd4 27. Rxd4
Rxc3 28. Bb2 Rxc2 29. Qxc2 gxh5 30. Qg2+ Kf8 31. Rb4 Bb5 32. Qg6 e6 33. Qh6+
Ke7 34. Rd4 Be2 35. e5 Bxf3 36. Qg7+ Ke8 37. Qg8+ Ke7 38. Qg7+ Ke8 39. Qg8+ Ke7
40. exd6+ Kd7 41. Qf7+ Kd8 42. Qf8+ Kd7 43. Qe7+ Kc6 44. Rc4+ Kb5 45. d7 1-0

[Event "EU-chT (Men) 08th"]
[Site "Plovdiv"]
[Date "1983.??.??"]
[Round "5.3"]
[White "Van der Wiel, John"]
[Black "Sax, Gyula"]
[Result "1-0"]
[WhiteElo "2530"]
[BlackElo "2560"]
[PlyCount "45"]
[EventDate "1983.06.23"]
[EventType "team-tourn"]
[EventRounds "7"]
[EventCountry "BUL"]
[Source "ChessBase"]
[SourceDate "1999.07.01"]
[WhiteTeam "Netherlands"]
[BlackTeam "Hungary"]
[WhiteTeamCountry "NED"]
[BlackTeamCountry "HUN"]

1. e4 c5 2. Nf3 d6 3. d4 cxd4 4. Nxd4 Nf6 5. Nc3 g6 6. Be3 Bg7 7. f3 Nc6 8. Qd2
O-O 9. O-O-O Nxd4 10. Bxd4 Be6 11. Kb1 Qc7 12. h4 Rfc8 13. h5 Qa5 14. hxg6 hxg6
15. a3 Rab8 16. Bd3 b5 17. Qg5 Qc7 18. e5 dxe5 19. Bxe5 Qc5 20. f4 Rb7 21. Bxg6
fxg6 22. Qxg6 Bf7 23. Rh8+ 1-0

[Event "Goodricke op 08th"]
[Site "Kolkata"]
[Date "1997.??.??"]
[Round "6"]
[White "Ehlvest, Jaan"]
[Black "Marin, Mihail"]
[Result "1-0"]
[WhiteElo "2635"]
[BlackElo "2545"]
[PlyCount "81"]
[EventDate "1997.02.??"]
[EventType "swiss"]
[EventRounds "11"]
[EventCountry "IND"]
[Source "ChessBase"]
[SourceDate "1997.08.01"]

1. Nf3 c5 2. e4 d6 3. d4 cxd4 4. Nxd4 Nf6 5. Nc3 g6 6. f3 Bg7 7. Be3 Nc6 8. Qd2
O-O 9. O-O-O d5 10. exd5 Nxd5 11. Nxc6 bxc6 12. Bd4 e5 13. Bc5 Be6 14. Ne4 Re8
15. h4 h6 16. g4 Qc7 17. g5 h5 18. Bc4 Red8 19. Qf2 a5 20. a4 Qb7 21. Rhe1 Rab8
22. b3 Nf4 23. Bxe6 Nxe6 24. Nf6+ Bxf6 25. gxf6 Rd5 26. Bd6 Rd8 27. Bxe5 Qb4
28. Rxd5 cxd5 29. Bb2 d4 30. Rxe6 fxe6 31. Qg3 Kf8 32. Kb1 Qb7 33. Qxg6 Qf7 34.
Ba3+ Ke8 35. Qh6 e5 36. Qg5 Rd5 37. Qf5 Kd8 38. f4 d3 39. cxd3 Rd4 40. Be7+ Kc7
41. Qxe5+ 1-0

[Event "Vienna op 13th"]
[Site "Vienna"]
[Date "1998.??.??"]
[Round "?"]
[White "Balinov, Ilija"]
[Black "Velickovic, Zoran"]
[Result "1-0"]
[WhiteElo "2485"]
[BlackElo "2280"]
[PlyCount "63"]
[EventDate "1998.10.25"]
[EventType "swiss"]
[EventRounds "9"]
[EventCountry "AUT"]
[Source "ChessBase"]
[SourceDate "1999.11.16"]

1. e4 c5 2. Nf3 d6 3. d4 cxd4 4. Nxd4 Nf6 5. Nc3 g6 6. Be3 Bg7 7. f3 O-O 8. Qd2
Nc6 9. O-O-O d5 10. exd5 Nxd5 11. Nxc6 bxc6 12. Bd4 Bxd4 13. Qxd4 Qc7 14. Qc5
Nxc3 15. Qxc3 Be6 16. h4 Rfd8 17. Bd3 c5 18. h5 Qf4+ 19. Kb1 Qd4 20. hxg6 hxg6
21. Qa5 Rab8 22. b3 Rd7 23. Rde1 Bd5 24. Be4 e6 25. Bxd5 exd5 26. Rd1 Qb4 27.
Qa6 Qb6 28. Qa4 Qd8 29. Qf4 Rb4 30. Qe5 f6 31. Qe6+ Kg7 32. Qh3 1-0

[Event "BCF-chT 9899 (4NCL)"]
[Site "England"]
[Date "1999.03.20"]
[Round "7.3"]
[White "Rowson, Jonathan"]
[Black "Mah, Karl"]
[Result "1-0"]
[WhiteElo "2494"]
[BlackElo "2312"]
[PlyCount "55"]
[EventDate "1998.10.??"]
[EventType "team"]
[EventRounds "11"]
[EventCountry "ENG"]
[Source "ChessBase"]
[SourceDate "1999.11.16"]
[WhiteTeam "BIG"]
[BlackTeam "Bristol"]
[WhiteTeamCountry "ENG"]
[BlackTeamCountry "ENG"]

1. e4 c5 2. Nf3 d6 3. d4 cxd4 4. Nxd4 Nf6 5. Nc3 g6 6. Be3 Bg7 7. f3 O-O 8. Qd2
Nc6 9. O-O-O d5 10. exd5 Nxd5 11. Nxc6 bxc6 12. Bd4 Nxc3 13. Qxc3 Bh6+ 14. Be3
Bxe3+ 15. Qxe3 Qb6 16. Qxe7 Be6 17. Qa3 Rfd8 18. Bd3 Rd5 19. Rhe1 Ra5 20. Qc3
Rxa2 21. b3 c5 22. Rxe6 Qxe6 23. Bc4 Qc6 24. Bd5 Qa6 25. Bxa8 Ra1+ 26. Kd2 Qd6+
27. Qd3 Qf4+ 28. Ke2 1-0

[Event "Petrov Memorial op"]
[Site "St Petersburg"]
[Date "1998.??.??"]
[Round "3"]
[White "Yemelin, Vasily"]
[Black "Kharlov, Andrei"]
[Result "1-0"]
[WhiteElo "2485"]
[BlackElo "2560"]
[PlyCount "81"]
[EventDate "1998.02.??"]
[EventType "swiss"]
[EventRounds "9"]
[EventCountry "RUS"]
[Source "ChessBase"]
[SourceDate "1998.11.10"]

1. e4 c5 2. Nf3 Nc6 3. d4 cxd4 4. Nxd4 Nf6 5. Nc3 e6 6. Ndb5 d6 7. Bf4 e5 8.
Bg5 a6 9. Na3 Be6 10. Nc4 Rc8 11. Nd5 Bxd5 12. Bxf6 gxf6 13. Qxd5 Nd4 14. Bd3
Qe7 15. Qa5 Rxc4 16. Bxc4 Nxc2+ 17. Ke2 Nxa1 18. Rc1 Bh6 19. Bxf7+ Kxf7 20. Rc7
Rd8 21. Qd5+ Kf8 22. Rxe7 Kxe7 23. Qxb7+ Rd7 24. Qc8 d5 25. Qg8 Bf8 26. exd5
Ke8 27. Qe6+ Be7 28. Qxa6 Rxd5 29. Qc6+ Rd7 30. Qc1 Nb3 31. axb3 Kf8 32. b4 Rd4
33. Qc8+ Kf7 34. b5 Rb4 35. b3 h5 36. g3 Bd6 37. Qd7+ Be7 38. Qc6 Bd8 39. Qd5+
Ke8 40. Qd6 Rd4 41. Qe6+ 1-0

[Event "CRO-chT"]
[Site "Pula"]
[Date "1999.09.12"]
[Round "4"]
[White "Zelcic, Robert"]
[Black "Zelenika, Srdjan"]
[Result "1-0"]
[WhiteElo "2561"]
[BlackElo "2286"]
[PlyCount "95"]
[EventDate "1999.09.05"]
[EventType "team"]
[EventRounds "9"]
[EventCountry "CRO"]
[Source "ChessBase"]
[SourceDate "1999.11.16"]

1. e4 c5 2. Nf3 Nc6 3. d4 cxd4 4. Nxd4 Nf6 5. Nc3 e5 6. Ndb5 d6 7. Bg5 a6 8.
Na3 b5 9. Bxf6 gxf6 10. Nd5 f5 11. c3 Bg7 12. exf5 Bxf5 13. Nc2 O-O 14. Nce3
Be6 15. Bd3 f5 16. O-O Ra7 17. a4 Ne7 18. Nxe7+ Rxe7 19. axb5 axb5 20. Bxf5
Rxf5 21. Nxf5 Bxf5 22. Qf3 Qd7 23. Ra8+ Bf8 24. Rfa1 Rf7 25. Qe3 Qe6 26. Rb8
Qd5 27. Qg5+ Bg6 28. h4 Qc5 29. Qg3 e4 30. Ra5 Rf5 31. b4 Qd5 32. Qe3 Rh5 33.
Qf4 Rf5 34. Qc1 Bh5 35. Ra1 Qe6 36. Qe3 Qg6 37. Kf1 Bf3 38. g3 Qg4 39. Ke1 Rd5
40. Rxf8+ Kxf8 41. Qh6+ Kf7 42. Ra7+ Ke8 43. Ra8+ Kf7 44. Rf8+ Ke7 45. Qf6+ Kd7
46. Qd8+ Kc6 47. Qa8+ Kc7 48. Rf7+ 1-0

[Event "Sigeman & Co 12th"]
[Site "Malmo/Copenhagen"]
[Date "2004.04.30"]
[Round "1"]
[White "Hector, Jonny"]
[Black "Carlsen, Magnus"]
[Result "1/2-1/2"]
[WhiteElo "2512"]
[BlackElo "2552"]
[PlyCount "76"]
[EventDate "2004.04.30"]
[EventType "tourn"]
[EventRounds "9"]
[EventCountry "SWE"]
[EventCategory "13"]
[Source "ChessBase"]
[SourceDate "2004.07.27"]

1. e4 c5 2. Nf3 Nc6 3. d4 cxd4 4. Nxd4 Nf6 5. Nc3 e5 6. Ndb5 d6 7. Bg5 a6 8.
Na3 b5 9. Bxf6 gxf6 10. Nd5 Bg7 11. c3 f5 12. exf5 Bxf5 13. Nc2 O-O 14. Nce3
Be6 15. Bd3 f5 16. O-O Ra7 17. a4 Ne7 18. Nxe7+ Rxe7 19. axb5 axb5 20. Bxb5 d5
21. Ra6 Kh8 22. Qa4 f4 23. Nc2 Rg8 24. Ra1 Bc8 25. Ra8 Bf8 26. Bf1 Reg7 27. Qc6
Rc7 28. Qb5 Bc5 29. b4 Bxf2+ 30. Kxf2 Rxc3 31. Ne1 f3 32. Nxf3 e4 33. Ne1 Qf6+
34. Kg1 Rf8 35. R8a2 Ra3 36. Qe2 Qb6+ 37. Kh1 Qf6 38. Kg1 Qd4+ 1/2-1/2

[Event "World op"]
[Site "Philadelphia"]
[Date "2000.07.04"]
[Round "8"]
[White "Kotronias, Vasilios"]
[Black "Schwartz, Ylan"]
[Result "1-0"]
[WhiteElo "2539"]
[BlackElo "2311"]
[PlyCount "64"]
[EventDate "2000.06.28"]
[EventType "swiss"]
[EventRounds "9"]
[EventCountry "USA"]
[Source "ChessBase"]
[SourceDate "2000.11.22"]

1. e4 c5 2. Nf3 d6 3. d4 cxd4 4. Nxd4 Nf6 5. Nc3 Nc6 6. Bg5 Bd7 7. Be2 a6 8.
Bxf6 gxf6 9. Nf5 Qa5 10. O-O Bxf5 11. exf5 Qxf5 12. Nd5 Kd8 13. Bg4 Qg6 14. Bh5
Qg7 15. Re1 e6 16. Nf4 Kd7 17. c4 Rd8 18. b4 Qg5 19. a3 Ne5 20. Bxf7 Nxf7 21.
Nxe6 Qf5 22. Qa4+ Kc8 23. b5 Ne5 24. bxa6 Qxe6 25. axb7+ Kc7 26. Qa5+ Kd7 27.
Qxd8+ Kxd8 28. b8=Q+ Qc8 29. Rab1 Nd7 30. Qa7 h5 31. Rb7 Rh7 32. Reb1 h4 1-0

[Event "Moscow Aeroflot op-A"]
[Site "Moscow"]
[Date "2004.02.21"]
[Round "5"]
[White "Lastin, Alexander"]
[Black "Spraggett, Kevin"]
[Result "1-0"]
[WhiteElo "2625"]
[BlackElo "2536"]
[PlyCount "72"]
[EventDate "2004.02.17"]
[EventType "swiss"]
[EventRounds "9"]
[EventCountry "RUS"]
[Source "ChessBase"]
[SourceDate "2004.06.01"]

1. e4 c5 2. Nf3 d6 3. d4 cxd4 4. Nxd4 Nf6 5. Nc3 Nc6 6. Bg5 e6 7. Qd2 a6 8.
O-O-O Bd7 9. f4 b5 10. Bxf6 gxf6 11. Kb1 Qb6 12. Nxc6 Bxc6 13. f5 b4 14. Ne2 e5
15. Ng3 h5 16. h4 Qc5 17. Qe2 a5 18. Nxh5 Be7 19. g4 a4 20. Rh3 a3 21. b3 Rc8
22. Qg2 Qb6 23. Bc4 Bb7 24. Qe2 Rg8 25. g5 fxg5 26. f6 Bf8 27. Rg3 Rxc4 28.
bxc4 Qc6 29. hxg5 Ba6 30. Qd2 Bxc4 31. Qxb4 Qxe4 32. Rb3 Qc6 33. Rxa3 d5 34.
Ng7+ Kd7 35. Ra7+ Kc8 36. Qa5 Bc5 1-0

[Event "RUS-ch 53rd"]
[Site "Samara"]
[Date "2000.06.17"]
[Round "1"]
[White "Dolmatov, Sergey"]
[Black "Makarov, Marat"]
[Result "1-0"]
[WhiteElo "2615"]
[BlackElo "2513"]
[PlyCount "61"]
[EventDate "2000.06.03"]
[EventType "swiss"]
[EventRounds "11"]
[EventCountry "RUS"]
[Source "ChessBase"]
[SourceDate "2000.10.18"]

1. e4 c5 2. Nf3 Nc6 3. d4 cxd4 4. Nxd4 Nf6 5. Nc3 d6 6. Bg5 e6 7. Qd2 a6 8.
O-O-O Nxd4 9. Qxd4 Be7 10. f4 b5 11. Be2 Bb7 12. Bf3 Qc7 13. Bxf6 gxf6 14. f5
h5 15. fxe6 fxe6 16. Kb1 O-O-O 17. a4 d5 18. exd5 b4 19. Ne2 Kb8 20. Qe3 e5 21.
Ng3 Bc5 22. Qb3 h4 23. Nf5 Bc8 24. d6 Qb6 25. a5 Qb5 26. Qf7 Rd7 27. Qxf6 Re8
28. Ne7 Bb7 29. Bxb7 Qxb7 30. Qxe5 Bxd6 31. Nc6+ 1-0

[Event "Linares Anibal op 07th"]
[Site "Linares"]
[Date "2000.01.11"]
[Round "5"]
[White "Iordachescu, Viorel"]
[Black "Campos Moreno, Javier B"]
[Result "1-0"]
[WhiteElo "2553"]
[BlackElo "2484"]
[PlyCount "101"]
[EventDate "2000.01.07"]
[EventType "swiss"]
[EventRounds "10"]
[EventCountry "ESP"]
[Source "ChessBase"]
[SourceDate "2000.04.05"]

1. e4 c5 2. Nf3 Nc6 3. d4 cxd4 4. Nxd4 Nf6 5. Nc3 d6 6. Bg5 e6 7. Qd2 Be7 8.
O-O-O O-O 9. f4 Nxd4 10. Qxd4 Qa5 11. Bc4 Bd7 12. e5 dxe5 13. fxe5 Bc6 14. Bd2
Nd7 15. Nd5 Qd8 16. Nxe7+ Qxe7 17. Rhe1 Rfd8 18. Qg4 Nf8 19. Bd3 Rxd3 20. cxd3
Qd7 21. Bb4 Ng6 22. Bd6 f5 23. Qe2 Nh8 24. Rd2 Nf7 25. Rc2 Re8 26. Bc5 Qd5 27.
b3 a6 28. Bb6 Qb5 29. Bc5 Rd8 30. d4 Qa5 31. Kb2 Rd7 32. Rec1 Qd8 33. Qc4 Rd5
34. Qb4 Qd7 35. a4 Ng5 36. Ba7 h6 37. Qb6 Kh7 38. Rxc6 bxc6 39. Qxa6 Ne4 40.
Rxc6 Rxd4 41. Bxd4 Qxd4+ 42. Ka2 Qd2+ 43. Ka3 Qxg2 44. Qc4 Qg1 45. Qxe6 Qa1+
46. Kb4 Qd4+ 47. Kb5 Qd3+ 48. Kb4 Qd4+ 49. Rc4 Qd2+ 50. Ka3 Qf2 51. Rc6 1-0

[Event "Zalakaros op 16th"]
[Site "Zalakaros"]
[Date "1997.??.??"]
[Round "6"]
[White "Acs, Peter"]
[Black "Fancsy, Imre"]
[Result "1-0"]
[WhiteElo "2420"]
[BlackElo "2345"]
[PlyCount "71"]
[EventDate "1997.??.??"]
[EventType "swiss"]
[EventRounds "9"]
[EventCountry "HUN"]
[Source "ChessBase"]
[SourceDate "2000.11.22"]

1. e4 c5 2. Nf3 e6 3. d4 cxd4 4. Nxd4 a6 5. Nc3 Qc7 6. Bd3 Nf6 7. O-O Bc5 8.
Nb3 Be7 9. f4 d6 10. a4 b6 11. e5 Nfd7 12. exd6 Bxd6 13. Ne4 Be7 14. f5 exf5
15. Bf4 Ne5 16. Nc3 O-O 17. Nd5 Bc5+ 18. Kh1 Qb7 19. Be2 Nbc6 20. Qe1 Be6 21.
c4 Rad8 22. Rd1 Kh8 23. Qc3 f6 24. Nxc5 bxc5 25. Be3 Qa7 26. Rd2 Rfe8 27. Rfd1
Rd7 28. h3 f4 29. Bxf4 Nd4 30. Bh5 Rb8 31. b4 Bxd5 32. cxd5 Rxd5 33. bxc5 Nec6
34. Bxb8 Qxb8 35. Bf3 Nxf3 36. Qxf3 1-0

[Event "NED-ch51"]
[Site "Amsterdam"]
[Date "1996.06.16"]
[Round "9"]
[White "Van der Wiel, John"]
[Black "Nijboer, Friso"]
[Result "1-0"]
[WhiteElo "2535"]
[BlackElo "2475"]
[PlyCount "75"]
[EventDate "1996.06.07"]
[EventType "tourn"]
[EventRounds "11"]
[EventCountry "NED"]
[EventCategory "11"]
[Source "ChessBase"]
[SourceDate "1996.10.01"]

1. e4 c5 2. Nf3 e6 3. d4 cxd4 4. Nxd4 a6 5. Nc3 Qc7 6. Bd3 Bc5 7. Nb3 Be7 8.
Qg4 g6 9. Bg5 h5 10. Qh4 d6 11. O-O-O Nc6 12. Bxe7 Qxe7 13. Qg3 h4 14. Qe3 g5
15. Be2 Bd7 16. Qb6 Nf6 17. Qxb7 Qd8 18. Nd4 Na5 19. Qb4 Qc7 20. Nb3 Nb7 21.
Nd2 Rb8 22. Nc4 h3 23. g3 Bc6 24. Nxd6+ Nxd6 25. Qxd6 Qxd6 26. Rxd6 Bxe4 27.
Nxe4 Nxe4 28. Rd4 f5 29. f3 Nc5 30. Rc4 Nd7 31. Rd1 Nf6 32. Rc6 Kf7 33. Rdd6
Rbe8 34. Bc4 f4 35. gxf4 g4 36. fxg4 Nxg4 37. Rxe6 Nxh2 38. Rxe8+ 1-0

[Event "Budapest FS07 GM"]
[Site "Budapest"]
[Date "2004.07.05"]
[Round "3"]
[White "Predojevic, Borki"]
[Black "Fogarasi, Tibor"]
[Result "1-0"]
[WhiteElo "2490"]
[BlackElo "2465"]
[PlyCount "59"]
[EventDate "2004.07.03"]
[EventType "tourn"]
[EventRounds "11"]
[EventCountry "HUN"]
[EventCategory "7"]
[Source "ChessBase"]
[SourceDate "2004.09.01"]

1. e4 c5 2. Nf3 e6 3. Nc3 a6 4. d4 cxd4 5. Nxd4 Qc7 6. Bd3 Nf6 7. O-O Bc5 8.
Nb3 Ba7 9. Kh1 d6 10. f4 Nbd7 11. Bd2 O-O 12. Qe2 Re8 13. Rae1 e5 14. g4 Nf8
15. g5 N6d7 16. Nd5 Qd8 17. f5 b5 18. Na5 Nb8 19. c4 Bb6 20. Nxb6 Qxb6 21. b4
Bb7 22. cxb5 d5 23. Be3 Qc7 24. Rc1 Qd7 25. a4 g6 26. b6 Nc6 27. Nxc6 Bxc6 28.
b5 dxe4 29. bxc6 exd3 30. Qg2 1-0

[Event "Biel GM"]
[Site "Biel"]
[Date "2000.07.24"]
[Round "1"]
[White "Svidler, Peter"]
[Black "Milov, Vadim"]
[Result "1-0"]
[WhiteElo "2689"]
[BlackElo "2626"]
[PlyCount "67"]
[EventDate "2000.07.24"]
[EventType "tourn"]
[EventRounds "10"]
[EventCountry "SUI"]
[EventCategory "16"]
[Source "ChessBase"]
[SourceDate "2000.11.21"]

1. e4 c5 2. Nf3 e6 3. d4 cxd4 4. Nxd4 a6 5. Nc3 b5 6. Bd3 Bb7 7. O-O Qb6 8. Be3
Bc5 9. Nce2 Nf6 10. b4 Bxd4 11. Bxd4 Qc7 12. c4 e5 13. Bb2 Nc6 14. cxb5 axb5
15. Nc3 Nd4 16. Bxb5 O-O 17. Bd3 Rfd8 18. Re1 d5 19. exd5 Bxd5 20. Nxd5 Rxd5
21. Rc1 Qb7 22. Bc4 Rd7 23. a3 Rad8 24. Qd3 e4 25. Qe3 h6 26. h3 Rd6 27. Bf1
Rd5 28. Rc4 Nf5 29. Qc1 R8d6 30. Bxf6 Rxf6 31. Rcxe4 Qb6 32. Re5 Ng3 33. Qc8+
Rd8 34. Qxd8+ 1-0

[Event "EU-chT (Men) 14th"]
[Site "Plovdiv"]
[Date "2003.10.14"]
[Round "4.2"]
[White "Smirin, Ilia"]
[Black "Markowski, Tomasz"]
[Result "1-0"]
[WhiteElo "2670"]
[BlackElo "2610"]
[PlyCount "67"]
[EventDate "2003.10.10"]
[EventType "team-swiss"]
[EventRounds "9"]
[EventCountry "BUL"]
[Source "ChessBase"]
[SourceDate "2004.02.03"]
[WhiteTeam "Israel"]
[BlackTeam "Poland"]
[WhiteTeamCountry "ISR"]
[BlackTeamCountry "POL"]

1. e4 c5 2. Nf3 e6 3. d4 cxd4 4. Nxd4 a6 5. Nc3 b5 6. Bd3 d6 7. O-O Nf6 8. Qe2
Bb7 9. a4 b4 10. Na2 d5 11. e5 Ne4 12. c3 Nd7 13. f3 Nec5 14. Nxb4 a5 15. Nbc6
Bxc6 16. Nxc6 Qb6 17. Bb5 Nb3+ 18. Be3 Bc5 19. Rae1 Rc8 20. Bxc5 Qxc5+ 21. Kh1
Rxc6 22. Qd1 Rc7 23. Qxb3 O-O 24. Qd1 Nb6 25. f4 g6 26. Rf3 Kg7 27. Rh3 h5 28.
Rd3 Nc8 29. f5 exf5 30. Rxd5 Qf2 31. e6 Qxb2 32. Rd7 Rxc3 33. e7 Nxe7 34. Qd4+
1-0

[Event "Biel GM"]
[Site "Biel"]
[Date "2000.08.04"]
[Round "10"]
[White "Ponomariov, Ruslan"]
[Black "Gallagher, Joseph G"]
[Result "1-0"]
[WhiteElo "2630"]
[BlackElo "2514"]
[PlyCount "65"]
[EventDate "2000.07.24"]
[EventType "tourn"]
[EventRounds "10"]
[EventCountry "SUI"]
[EventCategory "16"]
[Source "ChessBase"]
[SourceDate "2000.11.21"]

1. e4 c5 2. Nf3 e6 3. d4 cxd4 4. Nxd4 a6 5. Nc3 b5 6. Bd3 Bc5 7. Nb3 Be7 8. Qg4
g6 9. Qe2 d6 10. O-O b4 11. Nd1 Bb7 12. a3 Nc6 13. Bd2 bxa3 14. Rxa3 Qc8 15.
Ne3 Nf6 16. Nc4 Qc7 17. Nca5 Ne5 18. Nxb7 Nxd3 19. cxd3 Qxb7 20. Na5 Qd7 21.
Rb3 Rc8 22. Nc4 Bd8 23. Bh6 d5 24. Nb6 Bxb6 25. Rxb6 Qa4 26. Qf3 Nd7 27. b3
dxe4 28. dxe4 Qa5 29. Rb7 Qh5 30. Qf4 e5 31. Qd2 Nc5 32. Ra7 g5 33. Qd6 1-0

[Event "SWE-ch"]
[Site "Umea"]
[Date "2003.07.09"]
[Round "10"]
[White "Hector, Jonny"]
[Black "Lindberg, Bengt"]
[Result "0-1"]
[WhiteElo "2553"]
[BlackElo "2392"]
[PlyCount "110"]
[EventDate "2003.06.29"]
[EventType "tourn"]
[EventRounds "13"]
[EventCountry "SWE"]
[EventCategory "9"]
[Source "ChessBase"]
[SourceDate "2003.11.25"]

1. e4 c5 2. Nf3 e6 3. d4 cxd4 4. Nxd4 Nc6 5. Nc3 Qc7 6. Be3 a6 7. Bd3 b5 8.
Nxc6 Qxc6 9. O-O Bb7 10. Kh1 Nf6 11. f3 Bc5 12. Qe1 Bxe3 13. Qxe3 Qc7 14. a4 b4
15. Na2 a5 16. c3 bxc3 17. Nxc3 O-O 18. Nb5 Qb8 19. e5 Nd5 20. Qe4 f5 21. Qd4
Bc6 22. Nd6 Nb4 23. Rfd1 Nxd3 24. Rxd3 Ra6 25. Qc3 Qb6 26. b3 Ra7 27. Rc1 Rb8
28. Qd2 h6 29. Rc4 Kh7 30. h3 Rf8 31. Kh2 Raa8 32. h4 Rab8 33. Rdc3 Bd5 34. Rf4
Bxb3 35. g4 Bd5 36. gxf5 exf5 37. h5 Be6 38. Rc1 Qb2 39. Qxb2 Rxb2+ 40. Kg3 Rg8
41. Rd4 g5 42. hxg6+ Rxg6+ 43. Kf4 Rg8 44. Rc7 Rb4 45. Nb5 Rb8 46. Ke3 Kg6 47.
f4 Kf7 48. Ra7 h5 49. Rxa5 Rb3+ 50. Kf2 h4 51. Rd1 Rb2+ 52. Ke3 h3 53. Nd4 h2
54. Nxe6 R8b3+ 55. Kd4 Rb1 0-1

[Event "Copenhagen AS04 Centenary"]
[Site "Copenhagen"]
[Date "2004.02.13"]
[Round "7"]
[White "Hector, Jonny"]
[Black "Pogorelov, Ruslan"]
[Result "1-0"]
[WhiteElo "2518"]
[BlackElo "2451"]
[PlyCount "61"]
[EventDate "2004.02.07"]
[EventType "swiss"]
[EventRounds "9"]
[EventCountry "DEN"]
[Source "ChessBase"]
[SourceDate "2004.03.10"]

1. e4 c5 2. Nf3 e6 3. d4 cxd4 4. Nxd4 Nc6 5. Nc3 Qc7 6. Be3 a6 7. Bd3 Nf6 8.
O-O Bd6 9. f4 Bc5 10. Nf5 Ne7 11. Nxg7+ Kf8 12. Bxc5 Qxc5+ 13. Kh1 Kxg7 14. e5
Ne8 15. Ne4 Qb6 16. Qh5 Ng6 17. Rf3 Qxb2 18. Raf1 b6 19. Ng5 Bb7 20. Rg3 Rc8
21. Nxh7 Rxh7 22. Rxg6+ fxg6 23. Qxg6+ Kf8 24. Qxh7 Ng7 25. Bg6 Qb5 26. Qh8+
Ke7 27. Qh4+ Kf8 28. Qf6+ Kg8 29. Bf7+ Kf8 30. Bxe6+ Ke8 31. Bf7+ 1-0

[Event "Balkan-ch"]
[Site "Istanbul"]
[Date "2002.12.16"]
[Round "8"]
[White "Parligras, Mircea Emilian"]
[Black "Miladinovic, Igor"]
[Result "1-0"]
[WhiteElo "2490"]
[BlackElo "2518"]
[PlyCount "145"]
[EventDate "2002.12.10"]
[EventType "swiss"]
[EventRounds "9"]
[EventCountry "TUR"]
[Source "ChessBase"]
[SourceDate "2003.01.09"]

1. e4 c5 2. Nf3 Nc6 3. Nc3 e6 4. d4 cxd4 5. Nxd4 Qc7 6. Be3 a6 7. Bd3 Nf6 8.
O-O h5 9. h3 b5 10. Nxc6 Qxc6 11. Be2 Qc7 12. Bf3 Rb8 13. Bd4 b4 14. e5 bxc3
15. exf6 cxb2 16. Rb1 gxf6 17. Bxf6 Rg8 18. Bxb2 Rb5 19. Bd4 Bb7 20. Rxb5 axb5
21. Re1 Bg7 22. Bxg7 Rxg7 23. Qd4 Rg5 24. h4 Rf5 25. Bxb7 Qxb7 26. Re5 Rxe5 27.
Qxe5 Qc6 28. Qh8+ Ke7 29. Qxh5 Qxc2 30. Qxb5 d5 31. Qb4+ Ke8 32. a4 Qc1+ 33.
Kh2 Qc4 34. Qb5+ Ke7 35. g3 Kf6 36. Qxc4 dxc4 37. a5 c3 38. a6 c2 39. a7 c1=Q
40. a8=Q Kg7 41. Kg2 Qc4 42. Qf3 f5 43. Qe3 Kf7 44. Qd2 Qe4+ 45. Kh2 Qf3 46.
Qe3 Qd5 47. Qe2 Qd4 48. Qh5+ Kg7 49. Qf3 Qb4 50. Kh3 Qb5 51. g4 fxg4+ 52. Qxg4+
Kf6 53. Kg3 Qf1 54. Qf3+ Kg6 55. h5+ Kg7 56. Qg4+ Kf6 57. Qg6+ Ke5 58. Qg5+ Kd6
59. Qf4+ Ke7 60. h6 Qg1+ 61. Kh4 Qh1+ 62. Kg4 Qd1+ 63. f3 Qc2 64. h7 Qc3 65.
Qg5+ Kd7 66. Qb5+ Kc7 67. Qg5 Kd7 68. f4 Qb2 69. Qe5 Qg2+ 70. Kh5 Qh1+ 71. Kg6
Qb1+ 72. Kg7 Qg1+ 73. Kf7 1-0